LEADER 02386oam 2200637 450 001 9910716889903321 005 20210916102554.0 035 $a(CKB)5470000002525283 035 $a(OCoLC)681275827$z(OCoLC)624456530$z(OCoLC)667898462$z(OCoLC)985367123 035 $a(OCoLC)995470000002525283 035 $a(EXLCZ)995470000002525283 100 $a20101113d1998 ua 0 101 0 $aeng 135 $aurbn||||||||| 181 $ctxt$2rdacontent 182 $cc$2rdamedia 183 $acr$2rdacarrier 200 10$aApplication of nonlinear-regression methods to a ground-water flow model of the Albuquerque Basin, New Mexico /$fby Claire R. Tiedeman, John Michael Kernodle, and Douglas P. McAda 210 1$aMenlo Park, California :$cU.S. Geological Survey,$d1998. 215 $a1 online resource (vi, 90 pages) $cillustrations, maps 225 1 $aWater-resources investigations report ;$v98-4172 320 $aIncludes bibliographical references (pages 83-85). 517 3 $aGround-water flow model of the Albuquerque Basin, New Mexico 606 $aGroundwater flow$zNew Mexico$zAlbuquerque Basin$xMathematical models 606 $aWater table$zNew Mexico$zAlbuquerque Basin$xMathematical models 606 $aRegression analysis 606 $aGroundwater flow$xMathematical models$2fast 606 $aLeast squares$2fast 606 $aRegression analysis$2fast 606 $aWater table$xMathematical models$2fast 607 $aNew Mexico$zAlbuquerque Basin$2fast 615 0$aGroundwater flow$xMathematical models. 615 0$aWater table$xMathematical models. 615 0$aRegression analysis. 615 7$aGroundwater flow$xMathematical models. 615 7$aLeast squares. 615 7$aRegression analysis. 615 7$aWater table$xMathematical models. 700 $aTiedeman$b Claire R.$01390229 702 $aKernodle$b John Michael 702 $aMcAda$b Douglas P. 712 02$aGeological Survey (U.S.), 801 0$bOCLCE 801 1$bOCLCE 801 2$bOCLCQ 801 2$bOCLCF 801 2$bOCLCO 801 2$bOCLCQ 801 2$bOCLCO 801 2$bCOP 801 2$bOCLCQ 801 2$bGPO 906 $aBOOK 912 $a9910716889903321 996 $aApplication of nonlinear-regression methods to a ground-water flow model of the Albuquerque Basin, New Mexico$93442818 997 $aUNINA LEADER 01738nam 22005413a 450 001 9910220018103321 005 20250203235425.0 010 $a9783038423591 010 $a3038423599 024 8 $a10.3390/books978-3-03842-359-1 035 $a(CKB)3800000000216536 035 $a(oapen)https://directory.doabooks.org/handle/20.500.12854/46435 035 $a(ScCtBLL)ee73d063-e0a2-4318-a8cb-362bdb723592 035 $a(OCoLC)1048148789 035 $a(oapen)doab46435 035 $a(EXLCZ)993800000000216536 100 $a20250203i20172019 uu 101 0 $aeng 135 $aurmn|---annan 181 $ctxt$2rdacontent 182 $cc$2rdamedia 183 $acr$2rdacarrier 200 00$aEnhancing Soil Health to Mitigate Soil Degradation$fCharles Rice, Douglas Karlen 210 $cMDPI - Multidisciplinary Digital Publishing Institute$d2017 210 1$aBasel, Switzerland :$cMDPI,$d2017. 215 $a1 electronic resource (VIII, 328 p.) 311 08$a9783038423584 311 08$a3038423580 330 $aEnhancing Soil Health to Mitigate Soil Degradation 606 $aEnvironmental economics$2bicssc 610 $avisual soil assessment 610 $asoil resource management 610 $asoil quality 610 $alandscape management 610 $asoil health 610 $asoil degradation 610 $asoil security 610 $asustainable agriculture 610 $aconservation agriculture 615 7$aEnvironmental economics 700 $aRice$b Charles$0529757 702 $aKarlen$b Douglas 801 0$bScCtBLL 801 1$bScCtBLL 906 $aBOOK 912 $a9910220018103321 996 $aEnhancing Soil Health to Mitigate Soil Degradation$94322148 997 $aUNINA